Introducción a la econometría: un enfoque moderno

Αποθηκεύτηκε σε:
Λεπτομέρειες βιβλιογραφικής εγγραφής
Κύριος συγγραφέας: Wooldridge, Jeffrey M (Συγγραφέας)
Μορφή: Βιβλίο
Γλώσσα:Ισπανικά
Έκδοση: Ciudad de México International Thomson 2001
Θέματα:
Ετικέτες: Προσθήκη ετικέτας
Δεν υπάρχουν, Καταχωρήστε ετικέτα πρώτοι!

MARC

LEADER 00000nam a2200000 a 4500
001 UCK2772
003 CL-VaPUC
008 050318e20010000MX |||||||||||||||||spa|d
020 |a 9706860541 
082 0 4 |a 330.015195  |b WOO  |2 21 
100 0 |a Wooldridge, Jeffrey M  |e author  |9 490755 
245 1 0 |a Introducción a la econometría: un enfoque moderno 
300 |a 816 p 
942 |c BK 
945 |d 20050318 00:00:00  |a cmena 
260 |a Ciudad de México  |b International Thomson  |c 2001 
650 0 |a Econometría   |9 261029 
650 0 |a Modelos matemáticos   |9 259437 
650 0 |a Estadística matemática  |9 260028 
583 |a last modification  |c 20050318 00:00:00  |k Rodrigo Vera 
999 |c 312228  |d 312226 
952 |0 0  |1 0  |4 0  |6 330_015195000000000_WOO_2001  |7 0  |8 R  |9 382169  |a BIBENE  |b BIBENE  |d 2019-11-21  |i 4100387  |o 330.015195 WOO 2001  |p 4100387  |r 2025-01-15  |w 2019-11-21  |y BK_R  |k ICO 
952 |0 0  |1 0  |4 0  |6 330_015195000000000_WOO_2001  |7 0  |8 R  |9 382170  |a BIBENE  |b BIBENE  |d 2019-11-21  |i 4100395  |o 330.015195 WOO 2001  |p 4100395  |r 2025-01-15  |w 2019-11-21  |y BK_R  |k ICO